000
00348nam a2200157Ia 4500
003
OSt
005
20231211071704.0
008
170524s9999 xx 000 0 und d
020
_a
81-7488-702-4
040
_c
IIMT UNIVERSITY
100
_a
Malhotra-R.K.
245
0
_a
Tourism Marketing
260
_b
Anmol Pub
260
_c
1959
942
_2
ddc
_c
02
999
_c
7420
_d
7420